Desarrollo económico-social de Centroamérica, 1821-1930 /

Guardado en:
Bibliografiske detaljer
Hovedforfatter: Santana Cardoso, Ciro Flamarion
Format: Texto
Sprog:Spanish
Fag:
Tags: Tilføj Tag
Ingen Tags, Vær først til at tagge denne postø!

MARC

LEADER 00000 a a2200000 04500
001 7778
003 cru CRAI/IIS
005 20210421111222.0
008 210421b ||||| |||| 00| 0 spa d
040 |c cru CRAI/IIS 
100 |a Santana Cardoso, Ciro Flamarion  
245 1 |a Desarrollo económico-social de Centroamérica, 1821-1930 /  |c Ciro Flamarion Santana Cardoso 
500 |a Colección Centroamérica 
650 |a DESARROLLO ECONOMICO Y SOCIAL  
650 |a AMERICA CENTRAL  
650 |a HISTORIA  
650 |a HISTORIA SOCIAL  
773 |g Vol1.,Núm1. (1972), Páginas 201-224  
942 |2 ddc  |c PP 
999 |c 28194  |d 28194 
773 0 |0 18875  |9 5539  |a Universidad de Costa Rica.  |d San José, Costa Rica: Universidad de Costa Rica. Consejo Superior Universitario Centroamericano, 1972-  |o 13773  |t Estudios Sociales Centroamericanos /  |x 03039676